[Event "Moron-River Plate m"]
[Site "Moron"]
[Date "2017.09.01"]
[Round "1.2"]
[White "Bruno, Alejandro P"]
[Black "Garcia Lemos, Federico"]
[Result "0-1"]
[WhiteElo "2320"]
[BlackElo "2189"]
[PlyCount "54"]
[EventDate "2017.09.01"]
[EventType "team-match"]
[EventRounds "1"]
[EventCountry "ARG"]
[SourceTitle "EXT 2019"]
[Source "ChessBase"]
[SourceDate "2018.10.10"]
[SourceVersion "1"]
[SourceVersionDate "2018.10.10"]
[SourceQuality "1"]
[WhiteTeam "Ajedrez River Plate"]
[BlackTeam "Club Philidor Moron"]
[WhiteTeamCountry "ARG"]
[BlackTeamCountry "ARG"]

1. e4 c5 2. Nf3 e6 3. d4 cxd4 4. Nxd4 Qb6 5. Nc3 Bc5 6. Na4 Qa5+ 7. c3 Bxd4 8. Qxd4 Nf6 9. Nc5 Nc6 10. Qe3 Qc7 11. Bd2 0-0 12. Be2 b6 13. Nd3 d5 14. e5 Ne4 15. f4 Nxd2 16. Qxd2 f6 17. exf6 Rxf6 18. 0-0 Ba6 19. Rae1 Raf8 20. g3 Qf7 21. Ne5 Nxe5 22. Bxa6 Nd7 23. Bd3 e5 24. fxe5 Nxe5 25. Kg2 Nf3 26. Rxf3 Rxf3 27. Re2 Rxd3 0-1

[Event "Buenos Aires GP1"]
[Site "Buenos Aires"]
[Date "1994.??.??"]
[Round "6"]
[White "Belfiore, Daniel"]
[Black "Bruno, Alejandro P"]
[Result "0-1"]
[WhiteElo "2175"]
[BlackElo "2325"]
[PlyCount "60"]
[EventDate "1994.??.??"]
[EventType "swiss"]
[EventRounds "9"]
[EventCountry "ARG"]
[SourceTitle "EXT 1998"]
[Source "ChessBase"]
[SourceDate "1997.11.17"]
[SourceVersion "1"]
[SourceVersionDate "1997.11.17"]
[SourceQuality "1"]

1. d4 Nf6 2. Nf3 g6 3. Bf4 Bg7 4. Nbd2 0-0 5. e4 d6 6. c3 Nbd7 7. Be2 h6 8. e5 Nd5 9. Bg3 dxe5 10. dxe5 Nc5 11. Nd4 Ne6 12. Ne4 Nef4 13. Qd2 Bxe5 14. 0-0-0 c6 15. Nf3 Qc7 16. Nxe5 Qxe5 17. Bf3 Bf5 18. Nc5 g5 19. Rde1 Qd6 20. Ne4 Qg6 21. c4 Rac8 22. h4 Rfd8 23. hxg5 Nb4 24. Qe3 Nfd3+ 25. Kb1 Nxe1 26. Rxe1 Rd3 27. Qe2 Rcd8 28. Bf4 hxg5 29. g4 Rd1+ 30. Rxd1 Bxe4+ 0-1

[Event "FMDA-FAPC m"]
[Site "Cordoba"]
[Date "1994.??.??"]
[Round "6"]
[White "Bruno, Alejandro P"]
[Black "Gimenez, Ismael"]
[Result "1/2-1/2"]
[WhiteElo "2325"]
[BlackElo "2240"]
[PlyCount "50"]
[EventDate "1994.??.??"]
[EventType "team"]
[EventRounds "1"]
[EventCountry "ESP"]
[SourceTitle "EXT 1998"]
[Source "ChessBase"]
[SourceDate "1997.11.17"]
[SourceVersion "1"]
[SourceVersionDate "1997.11.17"]
[SourceQuality "1"]

1. c4 Nf6 2. Nc3 c5 3. g3 Nc6 4. Bg2 e6 5. Nf3 d5 6. cxd5 exd5 7. d4 Be7 8. 0-0 0-0 9. dxc5 Bxc5 10. Na4 Be7 11. Be3 Ne4 12. Rc1 Be6 13. Nd4 Nxd4 14. Bxd4 b6 15. Nc3 Rc8 16. Nxe4 Rxc1 17. Qxc1 dxe4 18. Qc3 Bf6 19. Bxf6 Qxf6 20. Qxf6 gxf6 21. Bxe4 Bxa2 22. Ra1 Bc4 23. Rxa7 Re8 24. f3 f5 25. Ra4 Bxe2 1/2-1/2

[Event "Buenos Aires GP1"]
[Site "Buenos Aires"]
[Date "1994.??.??"]
[Round "7"]
[White "Bruno, Alejandro P"]
[Black "Leskovar, Mario Leopoldo"]
[Result "1/2-1/2"]
[WhiteElo "2325"]
[BlackElo "2405"]
[PlyCount "105"]
[EventDate "1994.??.??"]
[EventType "swiss"]
[EventRounds "9"]
[EventCountry "ARG"]
[SourceTitle "EXT 1998"]
[Source "ChessBase"]
[SourceDate "1997.11.17"]
[SourceVersion "1"]
[SourceVersionDate "1997.11.17"]
[SourceQuality "1"]

1. c4 g6 2. e4 Bg7 3. d4 d6 4. Nc3 Nd7 5. Nf3 e5 6. Be2 c6 7. Rb1 Ngf6 8. 0-0 0-0 9. Qc2 a6 10. Rd1 Qe7 11. d5 c5 12. Bg5 h6 13. Bd2 Nh5 14. g3 f5 15. Nh4 Qf7 16. Bxh5 gxh5 17. Nxf5 Qf6 18. b3 Nb6 19. Be3 Bxf5 20. exf5 e4 21. Nxe4 Qxf5 22. Qd3 Rad8 23. f4 h4 24. Nf2 hxg3 25. hxg3 Qh5 26. Kg2 Rde8 27. Rh1 Qf7 28. Rbe1 Nd7 29. Bd2 Ne5 30. Qe2 Nd7 31. Qh5 Qxh5 32. Rxh5 Rxe1 33. Bxe1 Re8 34. Kf1 b5 35. g4 bxc4 36. bxc4 Nb6 37. g5 hxg5 38. Rxg5 Nxc4 39. Bc3 Re7 40. Bxg7 Rxg7 41. Ne4 Rxg5 42. fxg5 Kg7 43. Ke2 Kg6 44. Kd3 Ne5+ 45. Ke3 Nc4+ 46. Kd3 Ne5+ 47. Ke3 Nf7 48. Kf4 c4 49. Ke3 Kf5 50. Kd4 c3 51. Nxc3 Nxg5 52. Nd1 Kf4 53. Ne3 1/2-1/2

[Event "Buenos Aires Najdorf op"]
[Site "Buenos Aires"]
[Date "1993.??.??"]
[Round "8"]
[White "Servat, Roberto"]
[Black "Bruno, Alejandro P"]
[Result "1-0"]
[WhiteElo "2400"]
[BlackElo "2275"]
[PlyCount "65"]
[EventDate "1993.04.??"]
[EventType "swiss"]
[EventRounds "11"]
[EventCountry "ARG"]
[SourceTitle "TD"]
[Source "ChessBase"]
[SourceDate "1994.03.01"]
[SourceVersion "1"]
[SourceVersionDate "1994.03.01"]
[SourceQuality "1"]

1. d4 Nf6 2. c4 g6 3. Nc3 d5 4. Bg5 Ne4 5. Bh4 c5 6. cxd5 Nxc3 7. bxc3 Qxd5 8. e3 cxd4 9. cxd4 Qa5+ 10. Qd2 Qxd2+ 11. Kxd2 e6 12. Bd3 Nc6 13. Nf3 Bd7 14. Rab1 b6 15. Bf6 Rg8 16. Ne5 Be7 17. Nxd7 Kxd7 18. Bxe7 Kxe7 19. Rhc1 Kd6 20. Rc3 f6 21. Rbc1 Rac8 22. Ba6 Rc7 23. e4 Rgg7 24. f4 e5 25. dxe5+ fxe5 26. g3 h6 27. Ke3 exf4+ 28. gxf4 g5 29. e5+ Kd5 30. Rd1+ Ke6 31. Rd6+ Kf5 32. Rf6+ Kg4 33. Be2+ 1-0

[Event "Buenos Aires FMDA"]
[Site "Buenos Aires"]
[Date "1990.??.??"]
[Round "1"]
[White "Anelli, Antonio"]
[Black "Bruno, Alejandro P"]
[Result "1/2-1/2"]
[WhiteElo "2275"]
[BlackElo "2290"]
[PlyCount "39"]
[EventDate "1990.??.??"]
[EventType "swiss"]
[EventRounds "9"]
[EventCountry "ARG"]
[SourceTitle "EXT 1997"]
[Source "ChessBase"]
[SourceDate "1996.11.15"]
[SourceVersion "1"]
[SourceVersionDate "1996.11.15"]
[SourceQuality "1"]

1. d4 Nf6 2. c4 g6 3. Nc3 d5 4. Nf3 Bg7 5. Bg5 Ne4 6. cxd5 Nxg5 7. Nxg5 e6 8. Nf3 exd5 9. b4 Nc6 10. a3 0-0 11. e3 Ne7 12. Be2 c6 13. 0-0 Nf5 14. Qb3 Be6 15. Na4 a6 16. Nc5 Bc8 17. Rfc1 Nd6 18. a4 Bg4 19. Ra2 Qe7 20. h3 1/2-1/2

[Event "Buenos Aires FMDA"]
[Site "Buenos Aires"]
[Date "1990.??.??"]
[Round "6"]
[White "Bruno, Alejandro P"]
[Black "Fernandez Murga, Roberto"]
[Result "1/2-1/2"]
[WhiteElo "2290"]
[BlackElo "2255"]
[PlyCount "95"]
[EventDate "1990.??.??"]
[EventType "swiss"]
[EventRounds "9"]
[EventCountry "ARG"]
[SourceTitle "EXT 1997"]
[Source "ChessBase"]
[SourceDate "1996.11.15"]
[SourceVersion "1"]
[SourceVersionDate "1996.11.15"]
[SourceQuality "1"]

1. c4 Nf6 2. Nc3 c5 3. g3 Nc6 4. Bg2 g6 5. Nf3 Bg7 6. d4 cxd4 7. Nxd4 0-0 8. 0-0 a6 9. c5 Nxd4 10. Qxd4 Ne8 11. Qh4 Bxc3 12. bxc3 Ng7 13. Rd1 Re8 14. Qb4 a5 15. Qa3 Ra6 16. Rb1 Qc7 17. Rb5 Ne6 18. Be3 d6 19. cxd6 exd6 20. Bf3 Rd8 21. Rdb1 Re8 22. Bxb7 Bxb7 23. Rxb7 Qc4 24. Rb8 Rxb8 25. Rxb8+ Kg7 26. Rb2 h5 27. h4 a4 28. Qb4 Rc6 29. Qxc4 Rxc4 30. Rb4 d5 31. Kg2 Rxc3 32. Rxa4 Rc2 33. Kf3 Rc3 34. Kg2 Rc2 35. Kf1 Kf6 36. Bb6 Rc1+ 37. Kg2 Rc2 38. e3 Nc5 39. Rb4 Nd3 40. Rb3 Rxf2+ 41. Kg1 Rd2 42. a4 Kf5 43. a5 Kg4 44. Kf1 Kf3 45. Rb1 Kxg3 46. a6 Rf2+ 47. Kg1 Rg2+ 48. Kf1 1/2-1/2

[Event "Buenos Aires FMDA"]
[Site "Buenos Aires"]
[Date "1990.??.??"]
[Round "4"]
[White "Darcyl, Tomas"]
[Black "Bruno, Alejandro P"]
[Result "1/2-1/2"]
[WhiteElo "2350"]
[BlackElo "2290"]
[PlyCount "77"]
[EventDate "1990.??.??"]
[EventType "swiss"]
[EventRounds "9"]
[EventCountry "ARG"]
[SourceTitle "EXT 1997"]
[Source "ChessBase"]
[SourceDate "1996.11.15"]
[SourceVersion "1"]
[SourceVersionDate "1996.11.15"]
[SourceQuality "1"]

1. Nf3 Nf6 2. g3 g6 3. b3 Bg7 4. Bb2 d5 5. Bg2 0-0 6. c4 c6 7. 0-0 a5 8. d4 Ne4 9. e3 Bg4 10. h3 Bxf3 11. Qxf3 e6 12. Qe2 f5 13. Nc3 Qd6 14. a3 Nd7 15. b4 axb4 16. c5 Qe7 17. axb4 e5 18. Nxe4 fxe4 19. Qd2 h5 20. h4 g5 21. hxg5 Qxg5 22. Bh3 Rad8 23. Be6+ Kh7 24. Bxd7 Rxd7 25. dxe5 Bxe5 26. Bxe5 Qxe5 27. Kg2 Rdf7 28. Qd4 Qxd4 29. exd4 Rf3 30. Ra7 R8f7 31. Raa1 Rb3 32. Rfb1 Rff3 33. b5 Rxb1 34. Rxb1 Rd3 35. Ra1 Rxd4 36. Ra7 Kg6 37. bxc6 bxc6 38. Rc7 Rc4 39. Rxc6+ 1/2-1/2